000 00457 a2200181 4500
005 20250901141151.0
008 250901b |||||||| |||| 00| 0 eng d
020 _a9788178246611
_cRs. 395.00
040 _aMAIN
082 _a306.09
_bB492C
100 _aBilgrami, Akeel
245 _aCapital, culture, and the commons
260 _bOrient Blackswan
_c2022
_aRanikhet
300 _a107
650 _aSocial Science
650 _aCulture
942 _cBK
999 _c359780
_d359780